Tri možnosti k referendu o Ústave pre Európu

Salvato in:
Dettagli Bibliografici
Autore principale: Jurík, Roman
Natura: Capitolo di libro
Lingua:slovacco
Tags: Aggiungi Tag
Nessun Tag, puoi essere il primo ad aggiungerne!!

MARC

LEADER 00000naa$a2200000$$$4500
001 0062097
005 20240502071711.1
041 0 |a slo 
044 |a SK 
245 1 0 |a Tri možnosti k referendu o Ústave pre Európu  |c Roman Jurík 
100 1 |a Jurík, Roman